Building community in buildings : (Record no. 8187)

000 -LEADER
fixed length control field 01121cam a2200325 a 4500
003 - CONTROL NUMBER IDENTIFIER
control field OSt
005 - DATE AND TIME OF LATEST TRANSACTION
control field 20200810131734.0
008 - FIXED-LENGTH DATA ELEMENTS--GENERAL INFORMATION
fixed length control field 060808s2007 ctua b 001 0 eng
010 ## - LIBRARY OF CONGRESS CONTROL NUMBER
LC control number 2006025917
016 7# - NATIONAL BIBLIOGRAPHIC AGENCY CONTROL NUMBER
Record control number 013536737
Source Uk
020 ## - INTERNATIONAL STANDARD BOOK NUMBER
International Standard Book Number 0275992209 (alk. paper)
020 ## - INTERNATIONAL STANDARD BOOK NUMBER
International Standard Book Number 9780275992200 (alk. paper)
035 ## - SYSTEM CONTROL NUMBER
System control number (OCoLC)ocm70867062
050 00 - LIBRARY OF CONGRESS CALL NUMBER
Classification number HF5547.2
Item number .K45 2007
082 00 - DEWEY DECIMAL CLASSIFICATION NUMBER
Classification number 306.3/6
Edition number 22
100 1# - MAIN ENTRY--PERSONAL NAME
Personal name Kemp, Jana M.
245 10 - TITLE STATEMENT
Title Building community in buildings :
Remainder of title the design and culture of dynamic workplaces /
Statement of responsibility, etc Jana M. Kemp and Ken Baker.
260 ## - PUBLICATION, DISTRIBUTION, ETC. (IMPRINT)
Place of publication, distribution, etc Westport, Conn. :
Name of publisher, distributor, etc Praeger,
Date of publication, distribution, etc 2007.
300 ## - PHYSICAL DESCRIPTION
Extent xxii, 202 p. :
Other physical details ill. ;
Dimensions 25 cm.
504 ## - BIBLIOGRAPHY, ETC. NOTE
Bibliography, etc Includes bibliographical references (p. [195]-198) and index.
650 #0 - SUBJECT ADDED ENTRY--TOPICAL TERM
Topical term or geographic name as entry element Office layout.
650 #0 - SUBJECT ADDED ENTRY--TOPICAL TERM
Topical term or geographic name as entry element Work environment.
650 #0 - SUBJECT ADDED ENTRY--TOPICAL TERM
Topical term or geographic name as entry element Office buildings.
650 #0 - SUBJECT ADDED ENTRY--TOPICAL TERM
Topical term or geographic name as entry element Buildings
General subdivision Environmental engineering.
650 #0 - SUBJECT ADDED ENTRY--TOPICAL TERM
Topical term or geographic name as entry element Labor productivity.
700 1# - ADDED ENTRY--PERSONAL NAME
Personal name Baker, Ken,
Dates associated with a name 1952-
856 41 - ELECTRONIC LOCATION AND ACCESS
Materials specified Table of contents only
Uniform Resource Identifier <a href="http://www.loc.gov/catdir/toc/ecip0618/2006025917.html">http://www.loc.gov/catdir/toc/ecip0618/2006025917.html</a>
906 ## - LOCAL DATA ELEMENT F, LDF (RLIN)
a 7
b cbc
c orignew
d 1
e ecip
f 20
g y-gencatlg
942 ## - ADDED ENTRY ELEMENTS (KOHA)
Source of classification or shelving scheme
Holdings
Withdrawn status Lost status Source of classification or shelving scheme Damaged status Koha normalized classification for sorting Not for loan Permanent location Current location Date acquired Full call number Barcode Date last seen Price effective from Koha item type Public note
        306_300000000000000_6   BMS College of Architecture, Design and Planning BMS College of Architecture, Design and Planning 2020-08-10 306.3/6 AR-RD41 2020-08-10 2020-08-10 R&D Books S-15
Copyright © 2025, The Librarian, Library and Information Centre, BMSCA D&P, Bengaluru. All Rights Reserved
web counter

Powered by Koha